| 000 | 00805nam a2200217 a 4500 | ||
|---|---|---|---|
| 001 | 000035985 | ||
| 003 | DO-SdBNP | ||
| 005 | 20250924073803.0 | ||
| 008 | 111121s1988 dr 000 0 spa d | ||
| 040 |
_aDO-SdBNP _bspa _cBNPHU |
||
| 049 | _aBNPD | ||
| 110 | 1 |
_aUniversidad Autónoma de Santo Domingo _bFacultad de Humanidades _bDepartamento de Comunicación Social _972951 |
|
| 245 | 1 | 0 |
_aApuntes de periodismo iconográfico / _cselección y notas de José Luis Sáez. |
| 250 | _a2a. ed. | ||
| 260 |
_aSanto Domingo : _bUASD, _c1988. |
||
| 490 | 1 |
_aPublicaciones de la Universidad Autónoma de Santo Domingo _v572 |
|
| 490 | 1 |
_aComunicación y sociedad _v3 |
|
| 700 | 1 |
_a Sáez , José Luis _d1937- _9620 |
|
| 830 |
_aPublicaciones de la Universidad Autónoma de Santo Domingo _952 |
||
| 942 |
_2ddc _cLBS1 |
||
| 999 |
_c35476 _d35476 |
||